Agent-based supply network event management
Đã lưu trong:
| Tác giả chính: | |
|---|---|
| Định dạng: | Sách |
| Ngôn ngữ: | Tiếng Anh |
| Được phát hành: |
Basilea, Suiza
Birkhäuser
2006
|
| Những chủ đề: | |
| Các nhãn: |
Thêm thẻ
Không có thẻ, Là người đầu tiên thẻ bản ghi này!
|
MARC
| LEADER | 00000nam a2200000 a 4500 | ||
|---|---|---|---|
| 001 | UCJ8920 | ||
| 003 | CL-VaPUC | ||
| 005 | 20231110110829.0 | ||
| 008 | 070126e20060000SZ |||||||||||||||||eng|d | ||
| 999 | |c 324564 |d 324562 | ||
| 020 | |a 3764374861 | ||
| 040 | |c Pontificia Universidad Católica de Valparaíso | ||
| 082 | 0 | 4 | |a 658.72 ZIM 2006 |2 21 |
| 100 | 0 | |a Zimmermann, Roland |9 518719 | |
| 245 | 1 | 0 | |a Agent-based supply network event management |
| 260 | 0 | 3 | |a Basilea, Suiza |b Birkhäuser |c 2006 |
| 300 | |a 329 páginas | ||
| 583 | |a last modification |c 20070126 00:00:00 |k Rodrigo Vera | ||
| 650 | 0 | |a Abastecimiento |9 443339 | |
| 650 | 0 | |a Administración de empresas |9 260833 | |
| 650 | 0 | |a Redes de información |9 230208 | |
| 650 | 0 | |a Gestión de proyectos |9 260970 | |
| 942 | |c BK |2 ddc | ||
| 945 | |d 20070126 00:00:00 |a cmena | ||
| 952 | |0 0 |1 0 |2 ddc |4 0 |6 658_720000000000000_ZIM_2006 |7 0 |8 A |9 404828 |a BIBING |b BIBING |d 2019-11-22 |i 4313429 |o 658.72 ZIM 2006 |p 4313429 |r 2025-01-20 |t 1 |w 2019-11-22 |y BK |k EII | ||